College Quizbowl Stats
College Quizbowl Stats
Circuits
Seasons
Sets
Records
Detailed Stats
About
Loading...
2023 ACF Winter @ Columbia
Tossups
Bonuses
Players
Teams
Categories (Tossup)
Categories (Bonus)
Emujin Tsogtjargal
Columbia C
Categories
Category
Powers
Gets
Negs
BBs
Points
Earliest Buzz
Avg. Buzz
First Buzzes
Top 3 Buzzes
Current Events
0
1
0
1
10
129
129.00
0
0
Philosophy
0
1
0
1
10
118
118.00
0
0
Science - Physics
0
1
0
1
10
138
138.00
0
0
Fine Arts - Classical Music
0
0
0
0
0
0.00
0
0
Religion
0
0
1
0
-5
0.00
0
0
Buzzes
Category
Answer
Value
Buzz Position
Religion
prophets
-5
77
Philosophy
colonies
10
118
Current Events
Moon
10
129
Fine Arts - Classical Music
snare drum
0
131
Science - Physics
index of refraction
10
138
Fine Arts - Classical Music
minuet
0
140
Previous
1
Next